And in the mountains, a mountains i am : (Record no. 1203)
[ view plain ]
| 000 -LEADER | |
|---|---|
| campo de control de longitud fija | 00814nam a22002177a 4500 |
| 008 - DATOS DE LONGITUD FIJA--INFORMACIÓN GENERAL | |
| campo de control de longitud fija | 170621s2015 xxu||||| |||| 00| 0 eng d |
| 082 04 - NÚMERO DE LA CLASIFICACIÓN DECIMAL DEWEY | |
| Número de clasificación | 701.1 |
| Número de ítem | P227m |
| 100 1# - ENTRADA PRINCIPAL--NOMBRE DE PERSONA | |
| Nombre de persona | Paredes, Heriberto. |
| 9 (RLIN) | 5826 |
| 245 14 - MENCIÓN DEL TÍTULO | |
| Título | And in the mountains, a mountains i am : |
| Resto del título | pieces of a machinery / |
| Mención de responsabilidad, etc. | Heriberto Paredes y María González ; Cooperativa Cráter Invertido. |
| 246 21 - FORMA VARIANTE DEL TITULO | |
| Título propio/Titulo breve | Y en los montes, montes soy : |
| Resto del título | fragmentos de una maquinaria |
| 250 ## - MENCION DE EDICION | |
| Mención de edición | 1a ed. |
| 260 ## - PUBLICACIÓN, DISTRIBUCIÓN, ETC. | |
| Lugar de publicación, distribución, etc. | México : |
| Nombre del editor, distribuidor, etc. | Second Culture Press, |
| Fecha de publicación, distribución, etc. | 2015. |
| 300 ## - DESCRIPCIÓN FÍSICA | |
| Extensión | 38 páginas : |
| Otras características físicas | ilustraciones. |
| 440 #0 - MENCIÓN DE SERIE/PUNTO DE ACCESO ADICIONAL--TÍTULO | |
| Título | Burn down after reading |
| 9 (RLIN) | 5827 |
| 653 10 - TÉRMINO DE INDIZACIÓN--NO CONTROLADO | |
| Término no controlado | Arte contemporáneo |
| 653 10 - TÉRMINO DE INDIZACIÓN--NO CONTROLADO | |
| Término no controlado | Ensayos |
| 653 10 - TÉRMINO DE INDIZACIÓN--NO CONTROLADO | |
| Término no controlado | Arte - Sociedad |
| 653 10 - TÉRMINO DE INDIZACIÓN--NO CONTROLADO | |
| Término no controlado | Arte - Crítica y apreciación |
| 700 1# - ENTRADA AGREGADA--NOMBRE PERSONAL | |
| Nombre de persona | González, María. |
| 9 (RLIN) | 5828 |
| 710 1# - ENTRADA AGREGADA--NOMBRE DE ENTIDAD CORPORATIVA | |
| Nombre de entidad corporativa o nombre de jurisdicción como elemento de entrada | Cooperativa Cráter Invertido. |
| 9 (RLIN) | 5137 |
| Estatus retirado | Estado de pérdida | Fuente del sistema de clasificación o colocación | Estado de daño | No para préstamo | Biblioteca de origen | Biblioteca actual | Ubicación en estantería | Fecha de adquisición | Total de préstamos | Signatura topográfica completa | Código de barras | Visto por última vez | Precio de reemplazo | Tipo de ítem Koha |
|---|---|---|---|---|---|---|---|---|---|---|---|---|---|---|
| Clasificación Decimal Dewey | Biblioteca LadoV | Biblioteca LadoV | 21/06/2017 | 701.1 P227m | 004335 | 21/06/2017 | 21/06/2017 | Material 01 |
